| 000 | 01336nam a22003977a 4500 | ||
|---|---|---|---|
| 003 | OSt | ||
| 005 | 20230518125108.0 | ||
| 008 | 221006b |||||||| |||| 00| 0 eng d | ||
| 040 | _cBiblioteca Lado V | ||
| 082 |
_a701.18 _bA658t |
||
| 100 |
_9828 _aAraeen, Rasheed _eeditora |
||
| 245 |
_aThird Text/ _bCritical Perspectives on Contemporary Art & Culture/ |
||
| 260 |
_bRoutledge _c2004 _aLondres |
||
| 300 |
_c19x25cm _a230p. |
||
| 366 | _espa | ||
| 490 |
_a5 _v18 _v70 _x0952-8822 |
||
| 505 | _aIan Chambers | ||
| 505 | _aVincent Pecoil | ||
| 505 | _aAlejandro Anreus | ||
| 505 | _aEmanuela Guano | ||
| 505 | _aJoao Marcelo Melo | ||
| 505 | _aMartha I Chew Sanchez | ||
| 505 | _aCarol Magee | ||
| 505 | _aBernard Smith | ||
| 505 |
_aReviews _gAdele Tan Kathy Batista |
||
| 505 |
_aReviews _gAndrew Budge Wendy Shaw |
||
| 505 | _aContributors | ||
| 650 |
_2Tesauro de Arte & Arquitectura _aARTE _9703 |
||
| 650 |
_2Tesauro de Arte & Arquitectura _aCRITICA |
||
| 650 |
_2Tesauro de Arte & Arquitectura _aARTE CONTEMPORANEO |
||
| 650 |
_2Tesauro de Arte & Arquitectura _aAPRECIACION |
||
| 650 |
_2Tesauro de Arte & Arquitectura _aTEORIA |
||
| 650 |
_2Tesauro de Arte & Arquitectura _aANALISIS |
||
| 651 |
_2Tesauro de Arte & Arquitectura _aLONDRES |
||
| 942 |
_2ddc _c1 _h701.18 _iA658t _n0 |
||
| 999 |
_c3624 _d3624 |
||